Local authority centres valued on contractor's basis (Record no. 70209)

MARC details
000 -LEADER
fixed length control field 00861cam a2200229 4500
001 - CONTROL NUMBER
control field ABS65458
008 - FIXED-LENGTH DATA ELEMENTS--GENERAL INFORMATION
fixed length control field 020508n2001 000 0 eng u
035 ## - SYSTEM CONTROL NUMBER
System control number (Sirsi) u117886
100 ## - MAIN ENTRY--PERSONAL NAME
Personal name Lewsley, C.
245 ## - TITLE STATEMENT
Title Local authority centres valued on contractor's basis
260 ## - PUBLICATION, DISTRIBUTION, ETC.
Date of publication, distribution, etc. 2001
490 ## - SERIES STATEMENT
Series statement Rating and Valuation Reporter
Volume/sequential designation 2001, 235-237(3)
520 ## - SUMMARY, ETC.
Summary, etc. Discusses "Eastbourne BC and Wealden DC v Allen (VO)" (2001) where two local authority leisure centres were valued by the Lands Tribunal on contractor's basis, rejecting ratepayers' valuation on percentage of receipts.
590 ## - LOCAL NOTE (RLIN)
Local note ABS
650 ## - SUBJECT ADDED ENTRY--TOPICAL TERM
Topical term or geographic name entry element EASTBOURNE BC AND ANOTHER V ALLEN (VO)
650 ## - SUBJECT ADDED ENTRY--TOPICAL TERM
Topical term or geographic name entry element CONTRACTORS BASIS
650 ## - SUBJECT ADDED ENTRY--TOPICAL TERM
Topical term or geographic name entry element RATEPAYERS
650 ## - SUBJECT ADDED ENTRY--TOPICAL TERM
Topical term or geographic name entry element LEISURE CENTRES
650 ## - SUBJECT ADDED ENTRY--TOPICAL TERM
Topical term or geographic name entry element LOCAL AUTHORITIES
690 ## - LOCAL SUBJECT ADDED ENTRY--TOPICAL TERM (OCLC, RLIN)
Topical term or geographic name as entry element VALUATION AND INVESTMENT APPRAISAL-COMMERCIAL
942 ## - ADDED ENTRY ELEMENTS (KOHA)
Suppress in OPAC 0
Holdings
Withdrawn status Lost status Source of classification or shelving scheme Damaged status Not for loan Home library Current library Shelving location Date acquired Total Checkouts Full call number Barcode Date last seen Copy number Price effective from Koha item type
    Dewey Decimal Classification     London London Journal article 08/05/2002   ABS65458 117886-1001 06/08/2019 1 06/08/2019 Journal article